Quizzes
Events
Quiz Creation
Community
Videos
Private Events
Remove Ads
Sign In
Join for FREE
Feedback
Dark Mode
Quiz Categories
Sports
Geography
Music
Movies
Television
Just For Fun
Miscellaneous
History
Literature
Language
Science
Gaming
Entertainment
Religion
Holiday
For Kids
Quiz Lab
Recent
Popular Today
Quiz Kudos Today
Editor Picks
Curator Picks
Quizzes by...
Day
Popularity
Type
Ratings
Length
Year
Community
Subscriptions
Recent Discussions
Orange Saloon
Badges
Playlists
Quests
Create
Leaderboards
Showdown
Live 5
Trivia Bingo
Activity
Puzzle Library
Sporcle Events
Private Events
Virtual Trivia
Globe League
Become a Host
Pub Owners
SporcleCon
Opinionation
Our Games
Videos
Blog
Mobile Apps
Partnerships
Remove Ads and Go Orange
Feedback
Sports
Athletes
MLB
NBA
NHL
NFL
Soccer
Sports Teams
WWE
NCAA
Football
Premier League
Basketball
Baseball
Hockey
Golf
Tennis
Cricket
Rugby
Auto Racing
Olympics
World Cup
Sports
Athletes
MLB
NBA
NHL
NFL
Soccer
Sports Teams
WWE
NCAA
Football
Premier League
Basketball
Baseball
Hockey
Golf
Tennis
Cricket
Rugby
Auto Racing
Olympics
World Cup
Random Quiz
Search Sporcle
×
Quiz Lab
Quiz Lab
Sports
Soccer
Type in answers that appear in a list
Type in answers that appear in a list
Classic
Best Score? Go Orange.
Norwich City's last 50 permanent signings Stats
Can you name Norwich City's last 50 permanent signings?
By
j_mccarthy
10m
50 Questions
125 Plays
125 Plays
125 Plays
Comments
Comments
Give Quiz Kudos
Give Quiz Kudos
-
- Ratings
hide this ad
Replay
Link that replays current quiz
Next Quiz
Link to next quiz in quiz playlist
You Got
0%
They Got
Avg Score
52%
Avg Friend Score
Upgrade to see
Score Distribution
Jump to the score distribution portion of the page
Score
0/50
Timer
10:00
0
Plays Today
Year
Player Name
% Correct
2023
Danny Batth
100%
2018
Teemu Pukki
96.8%
2021
Josh Sargent
91.4%
2018
Tim Krul
88.8%
2021
Angus Gunn
88.6%
2018
Emiliano Buendia
88%
2021
Ben Gibson
85.7%
2022
Marcelino Nunez
83.3%
2023
Ashley Barnes
83.3%
2023
Shane Duffy
83.3%
2019
Sam Byram
83.2%
2017
Grant Hanley
81.6%
2018
Kenny McLean
80.8%
2022
Gabriel Sara
78.6%
2021
Milot Rashica
77.1%
2020
Lukas Rupp
75.2%
2023
Adam Forshaw
75%
2021
Dimitris Giannoulis
74.3%
2021
Christos Tzolis
74.3%
2018
Onel Hernandez
72.8%
2019
Josip Drmic
72%
2021
Pierre Lees-Melou
71.4%
2017
Marco Stiepermann
71.2%
2020
Kieran Dowell
68.7%
2018
Moritz Leitner
67.2%
Year
Player Name
% Correct
2020
Przemyslaw Placheta
67.2%
2023
Jack Stacey
66.7%
2023
Borja Sainz
66.7%
2023
Kellen Fisher
66.7%
2023
Christian Fassnacht
66.7%
2023
George Long
66.7%
2020
Jordan Hugill
64.1%
2020
Bali Mumba
62.7%
2021
Flynn Clarke
60%
2018
Dennis Srbeny
56.8%
2020
Jacob Sorensen
56.7%
2020
Sam McCallum
52.8%
2019
Philip Heise
45.6%
2017
Sean Raggett
44%
2020
Danel Sinani
43.3%
2020
Melvin Sitti
40.8%
2018
Ben Marshall
37.6%
2021
Orjan Nyland
31.4%
2019
Daniel Adshead
28.8%
2020
Sebastian Soto
25.4%
2020
Matthew Dennis
22.4%
2019
Rocky Bushiri
20.8%
2019
Akin Famewo
20%
2018
Mason Bloomfield
12%
2018
Josh Coley
4.8%
Quiz Playlist
Details
Report
Send in Message
Add To Playlist
Classic:
Type in answers that appear in a list
Last Updated: Jul 31, 2020
Quiz Scoreboard
CHALLENGE
Sign Up to Join the Scoreboard
Show All
Scores
Hide
Comments
May contain spoilers
Recently Published
9x9 Crossword: Cartoon Network
by jackfrog10
Miscellaneous
3m
College Basketball Coaching Resumes
by pancakes188
Sports
9m
Billboard Blitz: Fleetwood Mac
by CooCooCachoo
Music
15s
More to Explore
Quiz From the Vault
Featured Blog Post
Where Did the Easter Bunny Come From?
hide this ad
You Might Also Like...
Tags
Football Quiz
Premier League Quiz
Soccer Quiz
Sports Teams Quiz
Norwich
Norwich City
Transfer
Transferred
Transfers
Today's Top Quizzes in Sports
Browse Sports
hide this ad
Today's Top Quizzes in Soccer
Browse Soccer
Top Contributed Quizzes in Sports
1
2022 World Cup Stars
2
Les meilleurs buteurs des matchs entre le PSG et l’OM
3
FIFA Club World Cup Champions
4
Les entraîneurs de l'OM et du PSG au 21e siècle
5
Criteria MLB: Left Handed Sluggers
6
2023 MLB Unique Player Accomplishments
7
AFC Teams Reveal (Wrong Answers Minefield)
8
Players with Multiple 50 Home Run Seasons
9
5-to-1: FBS Animal Nicknames
10
5-to-1: UK Sports Teams
Explore More
Trending Topics
Crossword
Anime
Disney
Kpop
NBA
Harry Potter
Marvel
NFL
Song
WWE
Soccer
Puzzle
Pokémon
Country
The Office
hide this ad
More By:
j_mccarthy
Quiz
Plays
Rating
Category
Featured
Created
Every England player capped by Gareth Southgate
1,216
5.00
Sports
Jun 1, 2021
Manchester United's last 50 permanent signings
915
5.00
Sports
Jan 9, 2020
Liverpool's last 50 permanent signings
726
Sports
Jan 2, 2020
Chelsea's last 50 permanent transfers
681
5.00
Sports
Oct 29, 2019
Every England player capped by Glenn Hoddle
659
5.00
Sports
Sep 8, 2019
Go to Creator's Profile
Score Distribution
Quiz Creator Spotlight
j_mccarthy
Follow
Send a Message
Quizzes Created
-
Created Quiz Play Count
-
More By This Creator
Popular Quizzes Today
1
Find the US States - No Outlines Minefield
2
Find the Countries of Europe - No Outlines Minefield
3
The Countries of the World
4
Find the US States
5
Risky Map Clicking: Biggest States A-Z
6
US States
7
Popular People in 1961
8
Movies - When Are They Set?
More Sports Quizzes
England Footballers Named Peter
Quiz Lab
Trending Quizzes
Risky Map Clicking: Least Populous States A-Z
1-10 Letter G Words
Risky Map Clicking: Next State Alphabetically
Adjectives in 80s TV Shows
Risky Map Clicking: Biggest States A-Z
Recently Updated
Leaping Animals
pecheneg
Reality TV Shows (A-Z)
bhenderson79
Rickey Henderson's Hall of Fame Teammates
pecheneg
Champions League XIs: Arsenal
pecheneg
Quick Pick: Celebrities in WWE's Hall of Fame
aduchscher
A-Z Keypad Blitz II
pecheneg
Multiple Oscar Actors
pecheneg
Mystery Phrase Blitz: Oscar 'Best Actors'
pecheneg
F. Scott Fitzgerald Novels
LTH
Pick 3 Villains
ddd62291
Trending Topics
Anime
Kpop
Harry Potter
Disney
Marvel
NBA
Crossword
WWE
Pokémon
The Office
NFL
Song
Country
Puzzle
Soccer
Your Account Isn't Verified!
In order to create a playlist on Sporcle, you need to verify the email address you used during registration. Go to your
Sporcle Settings
to finish the process.
Report this User
Report this user for behavior that violates our
Community Guidelines
.
Details:
Send Report
Go to the Sporcle.com Mobile Site →
Comments